000
00389nam a22001697a 4500
003
MPLRDC
005
20220104124301.0
008
210129b ||||| |||| 00| 0 eng d
082
_a
874 HAL c.3
100
_a
ALEX HALEY
245
_a
根
_c
张琰译
250
_a
初版
260
_a
_b
好时年出版社
_c
1977
300
_b
平
650
_a
美国文学
942
_c
BK
_o
874 HAL c.3
999
_c
18098
_d
18088